000 02337cam a22004814i 4500
003 PE-LiUPU
005 20250731172935.0
008 150623s r 000 0 d
020 _a0802841694
035 _a(Sirsi) i9780802841698
040 _aPE-LiUPU
_bspa
_cPE-LiUPU
_erda
049 _aPRUA
082 0 4 _a248.409 015
_bP62
_221
245 0 0 _aPatterns of discipleship in the new testament.
264 1 _aMichigan :
_bWilliam B. Eerdmans Publishing Company,
_c1996.
300 _a308 páginas ;
_c23 centímetros
336 _atext
_2rdacontent
337 _aunmediated
_2rdamedia
338 _avolume
_2rdacarrier
490 0 _aMcMaster New Testament Studies Series
504 _aBibliografía al final de cada capítulo.
505 0 _aFollowing Jesus in the gospel of Mark - and Beyond. -Guiding readers - making disciples: discipleship in Mattew's narrative strategy. -Taking up the cross daily: discipleship in luke - acts. -They believed in him: discipleship in the Johannine tradition. -How you must walk to please God: Holiness and discipleship in 1 Thessalonians. -Imitate me, just as I imitate Christ: discipleship in the corinthian correspondence. -Becoming like God through Christ: discipleship in romans. -The imitation of Christ: discipleship in Philippians. -Christ in you, the hope of glory: discipleship in Colossians. -Standing before the moral claim of God: discipleship in hebrews. -Controlling the tongue and the Wallet: discipleship in James. -Going to heaven with Jesus.
526 _aSEG42
526 _aSEG41
526 _aSEG40
526 _aSEG39
526 _aP94
526 _aP87
526 _aP86
526 _aP85
526 _aP77
526 _aP76
526 _aP35
630 _aBiblia.
_pN.T.
_pEvangelios
_xDiscipulado.
650 0 4 _aVIDA CRISTIANA
_xENSEÑANZA BIBLICA.
700 1 _aLongenecker, Richard N.,
_eed.
942 _2ddc
_cBOOK
949 _a248.409 015 P62
_wDEWEY
_c1
_i44378
_lCCODEBUL1
_mBUL
_r0
_sY
_tBOOK
_u2015-6-24
_xTEOLOGIA
_PP35
_0COMPRA
_o.STAFF. Colección General
994 _aC0
_bPEPRU
596 _a1
999 _a248.409 015 P62
_wDEWEY
_c21258
_i44378
_d21258
_e2019-5-14
_f2021-11-11
_g5
_lCCODEBUL1
_mBUL
_n8
_q8
_r0
_sY
_tBOOK
_u2015-6-24
_xTEOLOGIA
_PP35
_0COMPRA
_o.STAFF. Colección General
980 _81
_gALBERTO SANCHEZ Responsable de Automatización